Los Sistemas representativos de las CCAA : balance, tipos y capacidad de innovación (1980 - 1999) : una realidad política eclipsada / Lourdes López Nieto balance, tipos y capacidad de innovación (1980 - 1999) :
ISBN:
1133-8962
Descripción Física:
86 p. : taules ; 21 cm
MARC
| LEADER | 00000nam a2200000Ia 4500 | ||
|---|---|---|---|
| 001 | 19799 | ||
| 008 | 160829s2003 xx 000 0 cat d | ||
| 020 | |a 1133-8962 | ||
| 080 | |a M-5-479 | ||
| 100 | |a López Nieto, Lourdes |9 43996 | ||
| 245 | |a Los Sistemas representativos de las CCAA : |b balance, tipos y capacidad de innovación (1980 - 1999) : |b una realidad política eclipsada / Lourdes López Nieto | ||
| 260 | |a Barcelona : |b Institut de Ciències Polítiques i Socials, |c 2003 | ||
| 300 | |a 86 p. : |b taules ; |c 21 cm | ||
| 490 | |a Working papers / Institut de Ciències Polítiques i Socials ; 218 | ||
| 590 | |a Bibliografia | ||
| 650 | |a Comunitats autònomes |9 36800 | ||
| 650 | |a Govern representatiu |x Espanya |9 43997 | ||
| 710 | 2 | |a Institut de Ciències Polítiques i Socials (Barcelona, Catalunya) |9 55871 | |
| 901 | |a Arxiu | ||
| 942 | |n 1 | ||
| 952 | |0 0 |1 0 |4 0 |6 M5479 |7 1 |9 51729 |a Arxiu |b Arxiu |d 2016-12-01 |l 0 |o M-5-479 |p 19799 |r 2016-12-01 00:00:00 |w 2016-12-01 |y ARXIU | ||
| 999 | |c 55575 |d 55575 | ||